Экономическая эффективность научных исследований. (1976-1980 гг.) (Запись № 6733295)

Подробности
000 -МАРКЕР
контрольное поле 01447nam2a22002291 4500
001 - ИДЕНТИФИКАТОР ЗАПИСИ
контрольное поле rc\1035687
005 - ИДЕНТИФИКАТОР ВЕРСИИ
контрольное поле 20250622104753.0
035 ## - ДРУГИЕ СИСТЕМНЫЕ НОМЕРА
Идентификатор записи (NLR Aleph) 006248894
100 ## - ДАННЫЕ ОБЩЕЙ ОБРАБОТКИ
Данные общей обработки 20041129d1981 |||y0rusy50 ca
101 0# - ЯЗЫК РЕСУРСА
Язык текста, звукозаписи и т.д. русский
102 ## - СТРАНА ПУБЛИКАЦИИ ИЛИ ПРОИЗВОДСТВА
Страна публикации Российская Федерация
105 ## - ПОЛЕ КОДИРОВАННЫХ ДАННЫХ: ТЕКСТОВЫЕ МАТЕРИАЛЫ, МОНОГРАФИЧЕСКИЕ
Кодированные данные о монографическом текстовом документе y |||||||||
200 0# - ЗАГЛАВИЕ И СВЕДЕНИЯ ОБ ОТВЕТСТВЕННОСТИ
Основное заглавие (1976-1980 гг.)
Первые сведения об ответственности [Сост.: к. ист. н. В.Я. Березнев и др.]
210 ## - ПУБЛИКАЦИЯ, РАСПРОСТРАНЕНИЕ И ДР.
Дата издания, распространения и т.д. 1981
Место издания, распространения и т.д. Б. м.
215 ## - ФИЗИЧЕСКАЯ ХАРАКТЕРИСТИКА
Специфическое обозначение материала и объем 59 с.
461 #0 - УРОВЕНЬ НАБОРА
Встроенное поле 001rc\1035686
-- 2001#$aЭкономическая эффективность научных исследований$eБиблиогр. аннот. указ. отеч. и зарубеж. лит.$fМ-во здравоохранения РСФСР, Моск. НИИ эпидемиологии и микробиологии им. Г.Н. Габричевского, Респ. отд. науч. мед. информ.$v(1976-1980 гг.)
Системный номер (АБИС) связанной записи 6733288
Место публикации М.
Дата публикации 1981
Первые сведения об ответственности М-во здравоохранения РСФСР, Моск. НИИ эпидемиологии и микробиологии им. Г.Н. Габричевского, Респ. отд. науч. мед. информ.
Имя издателя, распространителя и т.д. Б. и.
Сведения, относящиеся к заглавию Библиогр. аннот. указ. отеч. и зарубеж. лит.
Заглавие Экономическая эффективность научных исследований
Номер тома (1976-1980 гг.)
801 #0 - ИСТОЧНИК ЗАПИСИ
Страна Российская Федерация
Организация NLR
Правила каталогизации psbo
801 #1 - ИСТОЧНИК ЗАПИСИ
Страна Российская Федерация
Организация ELAR
Источник данных rusmarc
852 ## - МЕСТОНАХОЖДЕНИЕ И ШИФР ХРАНЕНИЯ
Идентификатор организации NLR
Наименование фонда или коллекции (Sub-Location Identifier) С
Шифр хранения (Call Number) К-1/1160
942 ## - ДОПОЛНИТЕЛЬНЫЕ ЭЛЕМЕНТЫ ЗАПИСИ (АБИС)
Тип экземпляра АБИС Книга
980 ## - КОЛЛЕКЦИЯ
Название коллекции Национальная библиография
Экземпляры
Тип экземпляра Дата поступления Библиотека постоянного хранения Библиотека текущего хранения Место хранения Шифр хранения Штрих-код Статус экземпляра Источник поступления Стоимость
Книга 26.10.2013 РНБ (Московский) РНБ (Московский) Центральная справочная библиотека С К-1/1160 1-3238578      
Книга 30.11.2020 РНБ (Московский) РНБ (Московский) Центральная справочная библиотека С К-1/1160 1-3238579   Обязательный экземпляр 0.00